000 00663nas a2200229 4500
001 BR9508319
003 BR-BrBNA
005 20231205094521.0
007 ta
008 230509b bl.|||p| |||| 00| 00por d
040 _aBR-BrBNA
_bpor
_cBiblioteca Nacional de Agricultura
041 _a(Pt)
072 _aF06
100 1 _aVieira, M.F. da M.
100 1 _aGuimaraes Neto, L.
245 1 _aUso nacional da agua como fator de alta produtividade
650 _aCana de Acucar
650 _aIrrigacao
773 0 _tAgricultura de Hoje (Brazil)
_x
_g(Jun 1976), v. 2(15) p. 59-61
_wBR9508319
909 _a202311
_bLúcia
_c55
_dLúcia Elande
942 _2AGRIS
_n0
_cANA
999 _c144908
_d144908